00493nam a2200109Ia 4500008004100000050002400041100002800065245015900093260008600252300003300338521001200371140724s9999 xx 000 0 und d aRM 666b.Al475 2009 aAlviar, Carmela Mary D. 4aThe usefulness of student-generated medication tray compared to traditional tray in administration of medicines by student-nursescCarmela Mary D. Alviar. aLas Piñas, Philippines :bSouthville International School and Colleges,cc2009. a68 p. :bcol. Ill. ;c28 cm. aNursing